000 00554nam a2200169 i 4500
001 45974
003 ES-MaACL
005 20230906161316.0
007 t|
008 030327s1946 sp ||||1| spa d
100 1 _aConde Botas, Isidro.
_940111
245 1 0 _aEstudio comparativo
_b: la letra de cambio y su legislación internacional /
_cIsidro Conde Botas.
260 _aLa CoruƱa :
_b[s.n.],
_c1946.
300 _a71 p., 1 modelo oficial de letra de cambio ;
_c24 cm.
650 4 _aLetras de cambio.
_9136393
852 _aES-MaACL
_j1893-F-6
_bR.26879
999 _c45974
_d45974